Animal pain : perception and alleviation /

Bibliographic Details
Other Authors: Kitchell, Ralph L., 1919-1997, Erickson, Howard H., 1936-
Format: Book
Language:English
Published: Bethesda, Md. : American Physiological Society ; [1983]
Subjects:

MARC

Tag First Indicator Second Indicator Subfields
LEADER 00000cam a2200000 a 4500
001 in00000525916
005 20151013092308.0
008 830815s1983 mdua b 00100 eng
010 |a  83015867  
020 |a 068304625X (Williams & Wilkins) 
035 |a (OCoLC)09893582 
035 |9 ACG0057AM 
039 0 |a 2  |b 3  |c 3  |d 3  |e 3 
040 |a DLC  |c DLC  |d CUX  |d WQM  |d TXA  |d UtOrBLW 
049 |a TXAM 
050 0 0 |a QP451.4  |b .A54 1983 
082 0 |a 636.089/60472  |2 19 
096 |a QP 451.4 A598 1983 
245 0 0 |a Animal pain :  |b perception and alleviation /  |c editors, Ralph L. Kitchell, Howard H. Erickson, associate editors, E. Carstens, Lloyd E. Davis. 
264 1 |a Bethesda, Md. :  |b American Physiological Society ;  |c [1983] 
264 2 |a Baltimore, Md. :  |b Distributed by Williams & Wilkins, 
264 4 |c ©1983 
300 |a x, 221 pages :  |b illustrations ;  |c 24 cm. 
336 |a text  |b txt  |2 rdacontent 
337 |a unmediated  |b n  |2 rdamedia 
338 |a volume  |b nc  |2 rdacarrier 
504 |a Includes bibliographies and index. 
650 0 |a Pain  |x Physiological aspects. 
650 0 |a Perception. 
650 0 |a Analgesia. 
650 0 |a Veterinary physiology. 
650 2 |a Pain. 
650 2 |a Analgesia. 
650 2 |a Physiology, Comparative. 
700 1 |a Kitchell, Ralph L.,  |d 1919-1997. 
700 1 |a Erickson, Howard H.,  |d 1936- 
999 |a MARS 
999 f f |s 4dcf653b-a4ed-33a3-af19-caa25442a166  |i 08e659c5-f36e-3a1a-becf-700fc9b8b293  |t 0 
952 f f |p ric  |a Texas A&M University  |b Rellis Campus  |c Joint Library Facility  |d Remote Storage  |t 0  |e QP451.4 .A54 1983  |h Library of Congress classification  |i unmediated -- volume  |m A14808091133 
998 f f |a QP451.4 .A54 1983  |t 0  |l Remote Storage